|
|
|
|
| LEADER |
00000nam a2200000 a 4500 |
| 001 |
vtls008963622 |
| 003 |
SK-MaSNL |
| 005 |
20260302005206.0 |
| 008 |
240314s2007 xo dl d p 000 0 slo |
| 015 |
|
|
|a SNBA2007/08-03426
|
| 020 |
|
|
|a 9788080698492
|q (brož.)
|
| 035 |
|
|
|a 44117BB0-CD24-496C-BB1A-74C376D9E3F4
|
| 035 |
|
|
|a urn:nbn:sk:snk-amlc8v
|
| 035 |
|
|
|a urn:nbn:sk:snk-am009115
|
| 040 |
|
|
|a SNK
|b slo
|c SNK
|e AACR2
|
| 041 |
0 |
|
|a slo
|
| 044 |
|
|
|a xo
|c SK
|
| 072 |
|
7 |
|a 339
|x Obchod
|2 konspekt
|
| 080 |
|
|
|a 339.138
|2 2001
|
| 080 |
|
|
|a (075.8)
|2 2001
|
| 100 |
1 |
|
|a Kretter, Anton
|4 aut
|9 7836
|
| 245 |
1 |
0 |
|a Marketing
|c Anton Kretter a kolektív
|
| 250 |
|
|
|a 2. vyd.
|
| 260 |
|
|
|a Nitra
|b Slovenská poľnohospodárska univerzita
|c 2007
|
| 300 |
|
|
|a 287 s.
|b grafy, sch., tab.
|c 24 cm
|
| 366 |
|
|
|e 400 výtl.
|
| 504 |
|
|
|a Bibliogr. s. 283-287
|
| 650 |
0 |
7 |
|a marketing
|2 SNKPH
|9 2299
|
| 655 |
|
7 |
|a učebnice vysokých škôl
|2 SNKPH
|9 70191
|
| 700 |
1 |
|
|a Šimo, Dušan,
|d 1940-
|4 aut
|9 115451
|
| 700 |
1 |
|
|a Nagyová, Ľudmila,
|d 1953-
|4 aut
|9 196383
|
| 700 |
1 |
|
|a Vicen, Michal,
|d 1941-
|4 aut
|9 217328
|
| 919 |
|
|
|a 978-80-8069-849-2
|
| 958 |
|
|
|a NB
|
| 958 |
|
|
|a OND
|
| 968 |
|
|
|d 33
|
| 999 |
|
|
|c 998632
|d 1000562
|
| 952 |
|
|
|a SNK
|b SNK
|y PREZ
|7 0
|p 17A0547870
|o snkSC 127558
|i snk2007/10030
|8 0
|0 0
|1 0
|4 0
|d 2007-04-12
|f 1
|l 0
|r 2025-06-16 00:00:00
|w 2026-02-24
|
| 952 |
|
|
|a SNK
|b SNK
|y VYP
|7 0
|p 17A0547869
|o snkSC 127558 D1
|i snk2007/10031
|8 0
|0 0
|1 0
|4 0
|d 2007-04-12
|l 0
|r 2026-02-24 12:11:04
|w 2026-02-24
|